000 00595nam a22002057a 4500
003 OSt
005 20240822154720.0
008 240822b |||||||| |||| 00| 0 eng d
020 _a0065005260
040 _cMUST
082 _222
_a338.5 MIL 1995
100 _aMiller, Roger LeRoy
_919060
245 _aMicroeconomics:
_bprice theory in practice
_cRoger LeRoy Miller
260 _aNew York
_bHarper Collins
_cc1995
300 _axxvi, 727p.
_bill.
_c26cm
504 _aIncludes Glossary and Appendix
650 _2Microeconomics
700 _aFishe, Raymond P.H.
_919061
942 _2ddc
_cO_SHELF
999 _c9328
_d9328